Language Quiz

Random Language or Animal Quiz

Animal Endings Quiz Stats

Quiz Updated Feb 19, 2012

Also try: Animal Term Movies
Challenge
Share
Tweet
Embed
Score 0/60 Timer 08:00
0 Plays Today
% Correct
howl or growl
95%
scowl
93.4%
saloon
92.4%
dynamite
91%
Homeland
85.4%
Super Bowl
84.8%
grape
84.6%
Beatrix Potter
79.9%
acrobat
79.4%
Yosemite
78.4%
Hot air balloon
78%
Graceland
76.8%
banana peel
76.5%
stalagmite
76.1%
Marty McFly
71.5%
Carat
71.3%
Iceland
70.7%
Man of Steel
69.2%
Severus Snape
69.1%
pantaloon
68.1%
wombat
67.6%
Harlem Globetrotter
64.5%
dandelion
64.3%
copycat
63.9%
Grover Cleveland
63.8%
escape
63%
teeter-totter
62.8%
MCAT
62.2%
scat
60.6%
aristocrat
59.5%
% Correct
Shoo Fly
59.4%
Mortal Kombat
55.2%
Videotape
55%
Kotter
55%
million
54.9%
doubloon
54.2%
Ferris wheel
47.6%
dingbat
47.5%
Democrat
47.2%
kneel
45.1%
jowl
44.3%
baccarat
43.6%
Casey at the Bat
42.9%
newsreel
40.3%
Madama Butterfly
38.2%
rebellion
38.1%
briefly
38.1%
Mt. Ararat
35.7%
autocrat
30.2%
rapscallion
30%
Dixieland
29.2%
Pygmalion
29.1%
Muscat
28.9%
Rabat
27%
'When pigs fly!'
26.8%
Semite
26.1%
serape
23.8%
vermilion
23.1%
shipshape
13.6%
hepcat
12.7%

You're not logged in!

Compare scores with friends on all Sporcle quizzes.
Join for Free
OR
Log In

You Might Also Like...

Show Comments

Extras

Top Quizzes Today


Score Distribution

Your Account Isn't Verified!

In order to create a playlist on Sporcle, you need to verify the email address you used during registration. Go to your Sporcle Settings to finish the process.

Report this User

Report this user for behavior that violates our Community Guidelines.

Details: